Notas sobre la operación de los generadores de vapor
Guardado en:
| Hovedforfatter: | |
|---|---|
| Format: | Ukendt |
| Udgivet: |
[San José, Costa Rica]
1956
|
| Fag: | |
| Tags: |
Tilføj Tag
Ingen Tags, Vær først til at tagge denne postø!
|
MARC
| LEADER | 00000 a2200000 4500 | ||
|---|---|---|---|
| 003 | 010998 | ||
| 005 | 20221231143803.0 | ||
| 008 | 140114s1956 c a m 000 ||s d | ||
| 040 | |c cru CEDI | ||
| 090 | |a TFG 060 | ||
| 100 | |a Acosta Ruiz, Ricardo |9 17100 | ||
| 245 | |a Notas sobre la operación de los generadores de vapor | ||
| 260 | |c 1956 |a [San José, Costa Rica] | ||
| 300 | |a 163 hojas,33 fotografías originales, gráficos (color) ; 28 cm | ||
| 500 | |a Tesis (Ingeniero Civil) Universidad de Costa Rica. | ||
| 501 | |a Ed. mecanografiada. | ||
| 650 | |z GENERADORES DE VAPOR |9 17101 | ||
| 942 | |c TFG | ||
| 999 | |c 11975 |d 11975 | ||
